| 000 | 00468cam a2200181ua 4500 | ||
|---|---|---|---|
| 020 | _cRs 8.00 | ||
| 041 |
_aeng _h |
||
| 082 |
_a294 _bNIL/DE |
||
| 100 | _aNilakanta Sastri, K A . | ||
| 245 |
_aDevelopment of religion in south India / _cK A Nilakanta Sastri. _hTextual Documents |
||
| 250 |
_a1 / _b. |
||
| 260 |
_aBombay : _bOrient-Longman Ltd , _c1963. |
||
| 300 | _a148 ; . | ||
| 365 | _aRs 8.00 | ||
| 504 | _a | ||
| 942 | _cBK | ||
| 999 |
_c4113 _d4113 |
||